000 00628nam a2200205Ia 4500
008 140429s9999 xx 000 0 und d
020 _a9789381460085
050 _aTX 911.3.F5
_b.P884 2013
100 _aPrakash, Jayanti
245 _aHospitality revenue and finance management /
_cJayanti Prakash.
250 _a1st ed.
260 _aNew Delhi :
_bCentrum Press,
_cc2013.
300 _a248 p. :
_c23 cm.
500 _aIncludes bibliographical references and index.
521 _aTOU
650 _aHospitality industry
_xFinance.
650 _aHospitality industry
_xManagement.
942 _kFOR
_cBK
999 _c115630
_d115630